Names of Popes Quiz Stats

 Plays Quiz Updated Nov 13, 2018

Support Sporcle.
Go Orange.
Score 0/81 Timer 10:00
11 Plays Today
Numbers Pope Name % Correct
I-XXIIIJohn
95.7%
I-IIJohn Paul
89.2%
I-VIPaul
87.8%
I-XVIBenedict
86.4%
-Francis
82.5%
-Peter
79.5%
I-XIIPius
71.8%
I-XIIILeo
60.6%
I-XIIIInnocent
59.2%
I-XVIGregory
57.9%
I-VIIIUrban
56.5%
-Mark
55.4%
I-VIIAlexander
51.7%
I-XIVClement
51.5%
I-IXStephen
44.7%
I-IXBoniface
44.2%
I-VSixtus
43.4%
I-IIIJulius
42.7%
I-VIAdrian
42.1%
-Linus
39.5%
I-IIIVictor
38.1%
I-VMartin
37.1%
I-VNicholas
36.5%
-Constantine
36.5%
I-IVFelix
35.9%
-Zachary
35%
I-IVHonorius
33.5%
Numbers Pope Name % Correct
I-IVEugene
33.2%
I-VCelestine
33.1%
-Anacletus
33%
I-IIILucius
32.9%
I-IIISylvester
32.8%
I-IITheodore
32.6%
I-IIMarcellus
31.3%
-Hilarius
31.2%
-Fabian
31.1%
-Valentine
30.9%
I-IIICallixtus
30.4%
I-IVAnastasius
29.5%
-Lando
29.4%
-Dionysius
29.2%
-Caius
29%
-Cornelius
28.7%
I-IIDamasus
28.6%
-Agatho
28.3%
I-IIAdeodatus
28.2%
-Marcellinus
28.2%
-Conon
27.7%
-Romanus
27.4%
-Zosimus
27.3%
-Formosus
27.2%
I-IIGelasius
27.1%
I-IIAgapetus
27.1%
-Donus
26.8%
Numbers Pope Name % Correct
I-IIPaschal
26.7%
-Hyginus
26.6%
-Zephyrinus
26.3%
I-IIMarinus
26.2%
I-IVSergius
26.2%
-Soter
26.2%
I-IIPelagius
26.1%
-Liberius
25.9%
-Severinus
25.3%
-Anicetus
25.2%
-Pontian
25.2%
-Eusebius
25.2%
-Silverius
24.8%
-Telesphorus
24.5%
-Evaristus
24.4%
-Anterus
24.4%
-Simplicius
23.8%
-Vigilius
23.8%
-Vitalian
23.4%
-Miltiades
23.3%
-Hormisdas
23.2%
-Sabinian
22.9%
-Eutychian
22.9%
-Eleuterus
22.8%
-Symmachus
22.6%
-Siricius
22.3%
-Sisinnius
22.2%

From the Vault

Game of Thrones: Missing House Words

by samc67

A Lannister always repays his blanks.
Remove Ads.
Support Sporcle.
Get the best of Sporcle when you Go Orange. This ad-free experience offers more features, more stats, and more fun while also helping to support Sporcle. Thank you for becoming a member.

Show Comments

Extras

Top Quizzes Today


Score Distribution

Your Account Isn't Verified!

In order to create a playlist on Sporcle, you need to verify the email address you used during registration. Go to your Sporcle Settings to finish the process.

Report this User

Report this user for behavior that violates our Community Guidelines.

Details: